Regulating Business (Record no. 84613)

MARC details
000 -LEADER
fixed length control field 00714nam a22002417a 4500
003 - CONTROL NUMBER IDENTIFIER
control field URS
005 - DATE AND TIME OF LATEST TRANSACTION
control field 20250828100449.0
008 - FIXED-LENGTH DATA ELEMENTS--GENERAL INFORMATION
fixed length control field 250326b ||||| |||| 00| 0 eng d
020 ## - INTERNATIONAL STANDARD BOOK NUMBER
International Standard Book Number 9780917616273
040 ## - CATALOGING SOURCE
Transcribing agency URS
050 ## - LIBRARY OF CONGRESS CALL NUMBER
Classification number HD58.8
Item number .R26 1978
100 ## - MAIN ENTRY--PERSONAL NAME
9 (RLIN) 11686
Personal name Argyris, Chris
245 ## - TITLE STATEMENT
Title Regulating Business
Remainder of title The search for an optimum
264 ## - PRODUCTION, PUBLICATION, DISTRIBUTION, MANUFACTURE, AND COPYRIGHT NOTICE
Place of production, publication, distribution, manufacture San Francisco
Name of producer, publisher, distributor, manufacturer Institute for Contemporary Studies
Date of production, publication, distribution, manufacture, or copyright notice ©1978
300 ## - PHYSICAL DESCRIPTION
Extent 260 pages.,:
Dimensions 21 CM.
336 ## - CONTENT TYPE
Source rdacontent
Content type term text
337 ## - MEDIA TYPE
Source rdamediA
Media type term unmediated
338 ## - CARRIER TYPE
Source rdacarrier
Carrier type term volume
650 #0 - SUBJECT ADDED ENTRY--TOPICAL TERM
9 (RLIN) 11687
Topical term or geographic name entry element Industrial Policy
General subdivision United States.
650 #0 - SUBJECT ADDED ENTRY--TOPICAL TERM
9 (RLIN) 11688
Topical term or geographic name entry element Industrial Policy
650 #0 - SUBJECT ADDED ENTRY--TOPICAL TERM
9 (RLIN) 11689
Topical term or geographic name entry element United States.
942 ## - ADDED ENTRY ELEMENTS (KOHA)
Source of classification or shelving scheme Library of Congress Classification
Koha item type Continuing Resources
Holdings
Withdrawn status Source of classification or shelving scheme Damaged status Not for loan Collection code Home library Current library Date acquired Total Checkouts Full call number Barcode Date last seen Price effective from Koha item type
  Library of Congress Classification     Non-fiction Morong Graduate Library Morong Graduate Library 03/26/2025   HD58.8 .R26 1978 URSMOR-GL-073 03/26/2025 03/26/2025 Continuing Resources

University of Rizal System
Email us at univlibservices@urs.edu.ph

Visit our Website www.urs.edu.ph/library